000 00476nam a22001937a 4500
003 OSt
005 20180116183052.0
008 160831b xxu||||| |||| 00| 0 eng d
020 _a9789332542198
040 _c0
082 _a658.3 DES 2016
100 _aDessler,Gary
245 _aHuman Resource Management
_cGary Dessler
250 _a14th ed.
260 _aDelhi
_bPEARSON
_c2016
300 _a570 p.
_bPB
440 _aHuman Resource Management
942 _2ddc
_cBK
999 _c351673
_d351673